| 000 | 00685nam a2200253 i 4500 | ||
|---|---|---|---|
| 001 | bgj | ||
| 100 | 1 | _aKAYSER, Wolfgang. | |
| 245 | 1 | 0 |
_aKleine deutsche Versschule / _cWolfgang Kayser. |
| 250 | _a24 Aufl. | ||
| 260 |
_aTübingen ; _aBasel : _bFrancke Verlag, _c1992. |
||
| 300 |
_a123 s. ; _c19 cm. |
||
| 490 | 1 |
_aUTB für Wissenschaft _pUni-Taschenbücher _v1727 |
|
| 504 | _aIndeks. | ||
| 650 | 9 | _aJęzyk niemiecki | |
| 830 |
_aUTB für Wissenschaft _pUni-Taschenbücher |
||
| 020 | _a3825217272 | ||
| 040 | _cBPK | ||
| 041 | 0 | _ager | |
| 044 | _aDEU | ||
| 080 | _a811.112.2(03) | ||
| 920 | _a3-8252-1727-2 | ||
| 942 | _cKS | ||
| 008 | s gw f |000 0 ger | ||
| 999 |
_c49489 _d49489 |
||
| 856 |
_uhttp://koha.tu.koszalin.pl/cgi-bin/koha/opac-detail.pl?biblionumber=49489 _yKatalog online BPK |
||